| 000 | 00562nam a2200181 a 4500 | ||
|---|---|---|---|
| 001 | 000031307 | ||
| 005 | 20240316073905.0 | ||
| 008 | 110617s2007 dr c 000 0 spa d | ||
| 040 |
_aDO-SdBNP _bspa _cBNPHU |
||
| 082 |
_axxxx _bE56 |
||
| 245 | 0 | 0 |
_aEncuentro / _cElsa Nuñez... [et. al.]. |
| 260 |
_a[Santo Domingo] : _bGalería Cándido Bidó, _c2007. |
||
| 300 |
_a8 p. : _bretrs. ; _c21 cm. |
||
| 700 | 1 | 2 |
_aPérez, Leopoldo, _d1937- _957758 |
| 700 | 1 | 2 |
_aVeloz Maggiolo, Marcio, _d1936-2021 _91104 |
| 700 | 1 | 2 |
_aBidó, Cándido, _d1936-2011 _929482 |
| 049 | _aBNPD | ||
| 999 |
_c30799 _d30799 |
||